000 00272nam a2200097Ia 4500
001 1172926
005 20250827012604.0
008 250824s9999 xx 000 0 und d
245 0 _aKARANLIĞA YAKALANMAK
_cVASSİLKİ NEVROKOPLİ
260 _bGÜNIŞIGI KİTAPLIĞI YAYINLARI
999 _c1172926
_d1172926